Migrationswirkungen in gleichgewichtigen Modellen der Demographie und Ökonomie Inaugural-Dissertation
Saved in:
| Main Author: | |
|---|---|
| Other Authors: | |
| Format: | Book |
| Language: | German |
| Published: |
Bochum
Ruhr-Universität
1991
|
| Edition: | 1. Aufl. |
| Subjects: | |
| Tags: |
No Tags, Be the first to tag this record!
|
MARC
| LEADER | 00000nam a2200000 4500 | ||
|---|---|---|---|
| 001 | c005295 | ||
| 005 | 20221214101651.0 | ||
| 041 | 0 | |a ger | |
| 044 | |a DE | ||
| 245 | 1 | 0 | |a Migrationswirkungen in gleichgewichtigen Modellen der Demographie und Ökonomie |b Inaugural-Dissertation |c Thomas Lilienbecker ; Škol. Gerhard Schmitt-Rink |
| 250 | |a 1. Aufl. | ||
| 264 | 1 | |a Bochum |b Ruhr-Universität |c 1991 | |
| 300 | |a 108 s. | ||
| 610 | 2 | 0 | |a migrácia |
| 610 | 2 | 0 | |a imigrácia |
| 610 | 2 | 0 | |a demografia |
| 610 | 2 | 0 | |a ekonómia |
| 610 | 2 | 0 | |a modely ekonomické |
| 610 | 2 | 0 | |a modely rastu |
| 610 | 2 | 0 | |a matice |
| 610 | 2 | 0 | |a obyvateľstvo |
| 610 | 2 | 0 | |a vek |
| 610 | 2 | 0 | |a cudzinci |
| 610 | 2 | 0 | |a príjmy |
| 610 | 2 | 0 | |a rast hospodársky |
| 100 | 1 | |a Lilienbecker, Thomas | |
| 700 | 1 | |a Schmitt-Rink, Gerhard | |